Statistiken für Faust 1: Teufelspakt Quiz

Klicken Sie hier um das Quiz zu spielen!

Allgemein

  • Dieses Quiz wurde 76 mal gespielt
  • Das Durchschnittsergebnis liegt bei 2 aus 5

Antwortstatistiken

FrageAntwort% Korrekt
Wieso wollte der Teufel einen Pakt mit Faust?Er hatte eine Wette mit Gott
79%
Wer sagte: Das Blut ist ein ganz besonderer Saft?Mephistopheles
65%
In welchem Kapitel findet der Blutsaustausch statt?Studienzimmer (II)
47%
In Welchem Jahrhundert spielt das Drama Faust 1?16. Jahrhundert
22%
Bonusfrage: Mit wie vielen Jahren, verliess der Vater von Bushido die FamilieAls er 3 Jahre alt war
22%

Verteilung der Resultate

Perzentil nach korrekt beantworteten Fragen

Anzahl Personen mit jedem Resultat

Ihre Resultats-Entwicklung

Sie haben dieses Quiz noch nicht gespielt